|
|
|
|
| LEADER |
00000nam0a2200000 4500 |
| 001 |
312002 |
| 005 |
20231102002437.0 |
| 020 |
|
|
|a RU
|b 82-32855
|
| 035 |
|
|
|a (RuTPU)RU\TPU\book\337369
|
| 090 |
|
|
|a 312002
|
| 100 |
|
|
|a 20151215d1982 km y0rusy5003 ca
|
| 101 |
0 |
|
|a rus
|
| 102 |
|
|
|a BY
|
| 105 |
|
|
|a a z 001zy
|
| 200 |
1 |
|
|a Новое в технологии шлифования сферических поверхностей
|f П. И. Ящерицын, Г. П. Кривко, М. Л. Еременко
|
| 210 |
|
|
|a Минск
|c Вышэйшая школа
|d 1982
|
| 215 |
|
|
|a 144 с.
|c ил.
|
| 320 |
|
|
|a Библиогр.: с. 138-142
|
| 606 |
1 |
|
|a Шлифование фасонное
|2 stltpush
|3 (RuTPU)RU\TPU\subj\19367
|9 44622
|
| 610 |
1 |
|
|a детали машин сферические
|
| 610 |
1 |
|
|a поверхности
|
| 610 |
1 |
|
|a качество
|
| 610 |
1 |
|
|a шлифовальное оборудование
|
| 610 |
1 |
|
|a торцы
|
| 610 |
1 |
|
|a ролики
|
| 610 |
1 |
|
|a групповые способы
|
| 610 |
1 |
|
|a сферические подшипники
|
| 675 |
|
|
|a 621.923.1
|z rus
|v 3
|
| 700 |
|
1 |
|a Ящерицын
|b П. И.
|g Петр Иванович
|4 070
|
| 701 |
|
1 |
|a Кривко
|b Г. П.
|g Геннадий Петрович
|
| 701 |
|
1 |
|a Еременко
|b М. Л.
|g Михаил Лукич
|
| 801 |
|
0 |
|a RU
|b RuMRKP
|c 19950704
|g psbo
|
| 801 |
|
1 |
|a RU
|b 63413507
|c 20151215
|
| 801 |
|
2 |
|a RU
|b 63413507
|c 20181004
|g RCR
|
| 942 |
|
|
|c BK
|